00348nam a2200133Ia 4500008004100000020001500041041001200056100001300068245007600081260002500157300000800182650000700190700001700197221030s9999 xx 000 0 und d a125902914X aEnglish aK. Hwang 0aComputer Archintecture & Parallel Processingcby K. Hwang, F. A. Briggs bTMHaNew Delhic2015 a846 aIT aF. A. Briggs